| 000 | 01274nam0a2200325 4500 | ||
|---|---|---|---|
| 001 | RU\NLR\bibl\591563 | ||
| 005 | 20260409064131.0 | ||
| 010 |
_a5-472-00469-1 _95000 |
||
| 021 |
_aRU _b2004-68628 _93383 |
||
| 021 |
_aRU _b2005-35205 _91756 |
||
| 035 | _a(NLR Aleph) 000583534 | ||
| 090 |
_a1667956 _c1667956 |
||
| 100 | _a20041228d2005 |||y0rusy50 ca | ||
| 101 | 0 | _arus | |
| 102 | _aRU | ||
| 105 | _ay ||||||||| | ||
| 200 | 1 |
_aВоздушный кодекс Российской Федерации _eофиц. текст, действующая ред. |
|
| 210 |
_aМ. _cЭкзамен _d2005 |
||
| 215 |
_a62, [1] с. _d20 |
||
| 225 | 1 | _aСерия "Кодексы и законы" | |
| 225 | 1 | _aНовый | |
| 604 |
_171001$aРоссийская Федерация _150011$aВоздушный кодекс$2nlr_sh2$3RU\NLR\AUTH\661261620 _aРоссийская Федерация _tВоздушный кодекс _92085501 _3RU\NLR\AUTH\661261620 |
||
| 686 | _aХ621.145.5-324.9(2Р) | ||
| 740 | 1 |
_aРоссийская Федерация _tЗаконы _iВоздушный кодекс _3RU\NLR\AUTH\880379502 _9425403 |
|
| 801 | 0 |
_aRU _bNLR _c20041228 _gPSBO |
|
| 801 | 1 |
_aRU _bNLR _c20041228 |
|
| 942 | _cBOOK | ||
| 980 | _aNB | ||